000 00311nam a2200121 a 4500
005 20141022141958.0
008 120301s19uu xx 00 eng d
050 _aCD
_bR63 2001
100 _aRogers, Bruce
245 _aHeinle's complete guide to TOEFL test /
_cBruce Rogers.
260 _c2001.
942 _cAVM
999 _c276071
_d276071